000 00513pab a2200181 454500
008 180718b2008 xxu||||| |||| 00| 0 eng d
100 _aArefin, Md Sadequl
245 _aLocal government and rural development in Bangladesh: the role of Union Parishad
260 _c2008
300 _ap.54-61.
362 _aJan-Dec
650 _aRural development - Bangladesh
650 _aLocal government - Bangladesh
650 _aLocal government
773 _aAdministrative Change
908 _aN
909 _a84170
999 _c84170
_d84170